| 000 | 00610nam a22002057a 4500 | ||
|---|---|---|---|
| 003 | OSt | ||
| 005 | 20140310181712.0 | ||
| 008 | 121210t xxu||||| |||| 00| 0 eng d | ||
| 020 | _a971892700X | ||
| 050 |
_aDS 686.614 _b.R175 1993 |
||
| 082 |
_aFIL 320.9599 _bR14 1993 |
||
| 100 | _aRamos, Fidel V. | ||
| 245 |
_aA call to duty : _cFidel V. Ramos. _bcitizenship and civic responsibility in a third world democracy / |
||
| 260 |
_a[Manila] : _bFriends of Steady Eddie, _c1993 |
||
| 300 |
_a238 p. : _c23 cm. |
||
| 562 | _e1 | ||
| 650 |
_aCitizenship _xDemocracy |
||
| 942 |
_2lcc _cBK _kFIL |
||
| 999 |
_c1592 _d1592 |
||